000 00781nam a22002657a 4500
008 130826b xxu||||| |||| 00| 0 eng d
020 _a0-13-405374-5
024 _cAvailable
037 _cAvailable
040 _aMBSTU LIBRARY
_dMBSTU LIBRARY
082 _222
_a421 HOP
100 _aHopkins, Diana.
110 _aMark Neltle.
245 _aProsper to IELTS : new revised syllaus.
260 _aUK
_bCambridge Unirerstiy Press.
_c2002
300 _a27 cm
_b164 page
_f1
_g27 cm.
600 _2Phonetics of Standard english
650 _2Standard english
700 _aHopkins, Diana.
710 _aMark Neltle.
270 _aLondon
_bLondon
_dU.K
365 _b1863.00
_d1863.00
942 _2ddc
_cBK
999 _c625
_d625